The Reconquest of Europe : urban public space, 1980 - 1999 / directors: Albert García Espuche and Teresa Navas ; coordination: Marina Palà urban public space, 1980 - 1999 / directors:
ISBN:
84-7794-615-9
Descripción Física:
48 p. : il. ; 24 cm
MARC
| LEADER | 00000nam a2200000Ia 4500 | ||
|---|---|---|---|
| 001 | 22290 | ||
| 008 | 160829s1999 xx 000 0 cat d | ||
| 020 | |a 84-7794-615-9 | ||
| 080 | |a FU-54-14 | ||
| 245 | 4 | |a The Reconquest of Europe : |b urban public space, 1980 - 1999 / directors: |b Albert García Espuche and Teresa Navas ; coordination: |b Marina Palà | |
| 260 | |a Barcelona : |b Centre de Cultura Contemporània de Barcelona, |c 1999 | ||
| 300 | |a 48 p. : |b il. ; |c 24 cm | ||
| 590 | |a Catàleg de l'exposició que amb el mateix nom es va presentar al Centre de Cultura Contemporània de Barcelona entre el 18 de març i el 20 de juny de 1999. | ||
| 590 | |a Text en anglès. | ||
| 590 | |a Hi ha un exemplar en català i castellà amb R. 12229 | ||
| 650 | |a Urbanisme |x Europa |x Història |x S. XX |x Exposicions |9 39614 | ||
| 700 | 1 | |a García i Espuche, Albert |e editor literari |9 39615 | |
| 700 | 1 | |a Navas i Ferrer, Teresa |e editora literaria |9 49704 | |
| 700 | 1 | |a Palà, Marina |e editora literaria |9 41454 | |
| 710 | 2 | |a Centre de Cultura Contemporània de Barcelona |9 52510 | |
| 901 | |a Arxiu | ||
| 942 | |n 1 |2 udc | ||
| 952 | |0 0 |1 0 |4 0 |6 FU5414 |7 1 |9 52107 |a Arxiu |b Arxiu |d 2016-12-01 |l 0 |o FU-54-14 |p 22290 |r 2016-12-01 00:00:00 |w 2016-12-01 |y ARXIU | ||
| 999 | |c 55955 |d 55955 | ||